Собрание сочинений в 30 томах (Запис № 379642)

МАРК-запис
000 -Лідер
fixed length control field 00688nam a22002417a 4500
001 - Контрольний номер
control field 93397
003 - Ідентифікатор контрольного номера
control field UA-OsUOA
005 - Дата та час останнього входження (трансакції)
control field 20220423221343.0
007 - Фіксоване поле фізичного опису
fixed length control field ta
008 - Елементи даних фіксованої довжини – загальна інформація
fixed length control field 20130119b un ||||| |||| 00| 0 ukr d
040 ## - Джерело каталогізації
Агенція оригінальної каталогізації UA-OsUOA
Мова каталогізації rus
Агенція, яка здійснювала перезапис UA-OsUOA
Агенція, яка здійснювала модифікацію UA-OsUOA
041 ## - Код мови
Код мови тексту/ звукової доріжки чи окремого заголовка (П) rus
080 ## - Індекс Універсальної десяткової класифікації
Індекс Універсальної десяткової класифікації (УДК) (НП) 821.161.1
090 ## - Локальний шифр розміщення
Класифікаційний індекс УДК 821.161.1
Авторський знак (НП) Г71
100 ## - Основне введення – ім’я особи
Ім’я особи (НП) Горький М.
245 ## - Відомості про назву
Назва (НП) Собрание сочинений в 30 томах
260 ## - Публікація, розповсюдження і т.п. (Вихідні дані)
Місце публікації, розповсюдження і т.п. (П) М.
Ім’я/ наймення видавництва, розповсюджувача і т.п. (П) Гослитиздат
Дата публікації, розповсюдження і т.п. (П) 1954
300 ## - Фізичний опис
Обсяг 600 с.
505 ## - Форматована примітка про зміст
Змішана інформація Т. 24
Назва Письма, телеграммы, надписи (1889–1906)
650 #7 - Додаткове предметне введення – тематичний термін
Тематичний термін чи географічна назва, як елемент введення (НП) 821 Художня література
Джерело заголовка чи терміна UDC
942 ## - Додаткові елементи входу (Коха)
Тип елемента Koha Книги
Source of classification or shelving scheme Universal Decimal Classification
955 ## - Код типу видання за змістом
Код типу видання за змістом (НП) Літературно-художні видання
Фонди
Стан вилучень Стан втрат Джерело класифікації або схеми стелажів Стан уражень Не для кредиту Постійне місце розташування Поточне розміщення Дата придбання Джерело придбання Вартість, звичайна ціна покупки Послідовне перерахування / хронологія Інвентарний номер Повний номер виклику Штрих-код Дата останнього перегляду Ціна ефективна від Тип елемента Koha
    Universal Decimal Classification     АБ - Абонемент НБ АБ - Абонемент НБ 28/03/2017 14/2017 20.00 Т. 24 153344 821.161.1 Г71 153344 02/05/2022 19/01/2013 Книги
    Universal Decimal Classification     АБ - Абонемент НБ АБ - Абонемент НБ 07/02/2013     Т. 24 42242 821.161.1 Г71 42242 14/04/2022 19/01/2013 Книги
    Universal Decimal Classification     АБ - Абонемент НБ АБ - Абонемент НБ 19/01/2013     Т. 24 48037 821.161.1 Г71 48037 13/04/2022 19/01/2013 Книги